Beliebteste Sportarten bei Kindern und Jugendlichen - Statistiken

Allgemein
  • Dieses Quiz wurde 1.014 mal gespielt
  • Das Durchschnittsergebnis liegt bei 11 aus 15
Antwortstatistiken
Sportart % Korrekt
Fußball
100%
Basketball
90%
Handball
88%
Tennis
83%
Leichtathletik
81%
Schwimmen (inkl. DLRG)
81%
Volleyball
74%
Hockey
68%
Tischtennis
66%
Turnen
65%
Kampfsport
56%
Reiten
55%
Tanzen
52%
Badminton
49%
Golf
43%
Keine übereinstimmenden Quizze gefunden
Verteilung der Resultate
Anzahl Personen mit jedem Resultat
Perzentil nach korrekt beantworteten Fragen
Ihre Resultats-Entwicklung
Sie haben dieses Quiz noch nicht gespielt